<?xml version="1.0" encoding="UTF-8"?>
<record
    xmlns:xsi="http://www.w3.org/2001/XMLSchema-instance"
    xsi:schemaLocation="http://www.loc.gov/MARC21/slim http://www.loc.gov/standards/marcxml/schema/MARC21slim.xsd"
    xmlns="http://www.loc.gov/MARC21/slim">

  <leader>03034    a2200229   4500</leader>
  <controlfield tag="003">NALT</controlfield>
  <controlfield tag="005">20250529142626.0</controlfield>
  <controlfield tag="008">231122b        th ||||| |||| 00| 0 tha d</controlfield>
  <datafield tag="020" ind1=" " ind2=" ">
    <subfield code="a">9786167969</subfield>
  </datafield>
  <datafield tag="040" ind1=" " ind2=" ">
    <subfield code="a">NALT</subfield>
  </datafield>
  <datafield tag="100" ind1="0" ind2=" ">
    <subfield code="a">Nichapat K.</subfield>
    <subfield code="9">65951</subfield>
  </datafield>
  <datafield tag="245" ind1="1" ind2="0">
    <subfield code="a">That&#x2019;s life &#xE40;&#xE1E;&#xE23;&#xE32;&#xE30;...&#xE0A;&#xE35;&#xE27;&#xE34;&#xE15;&#xE21;&#xE31;&#xE01;&#xE40;&#xE1B;&#xE47;&#xE19;&#xE40;&#xE0A;&#xE48;&#xE19;&#xE19;&#xE35;&#xE49; /</subfield>
    <subfield code="c">Nichapat K.</subfield>
    <subfield code="h">[electronic resource]</subfield>
  </datafield>
  <datafield tag="260" ind1=" " ind2=" ">
    <subfield code="a">&#xE21;.&#xE1B;.&#xE17;. : </subfield>
    <subfield code="b">&#xE1A;&#xE38;&#xE4A;&#xE01;&#xE2A;&#xE4C;&#xE27;&#xE34;&#xE19;,</subfield>
    <subfield code="c">&#xE21;.&#xE1B;.&#xE1B;..</subfield>
  </datafield>
  <datafield tag="300" ind1=" " ind2=" ">
    <subfield code="a">Online resource</subfield>
  </datafield>
  <datafield tag="505" ind1="2" ind2=" ">
    <subfield code="a">Part I Understand Life &#xE40;&#xE02;&#xE49;&#xE32;&#xE43;&#xE08;&#xE0A;&#xE35;&#xE27;&#xE34;&#xE15; --
1. Understand Life &#xE40;&#xE02;&#xE49;&#xE32;&#xE43;&#xE08;&#xE0A;&#xE35;&#xE27;&#xE34;&#xE15; --
2. The World Changes, Life Changes &#xE42;&#xE25;&#xE01;&#xE40;&#xE1B;&#xE25;&#xE35;&#xE48;&#xE22;&#xE19; &#xE0A;&#xE35;&#xE27;&#xE34;&#xE15;&#xE40;&#xE1B;&#xE25;&#xE35;&#xE48;&#xE22;&#xE19; --
3. The Greatest Weapon of Life &#xE28;&#xE32;&#xE2A;&#xE15;&#xE23;&#xE32;&#xE27;&#xE38;&#xE18;&#xE17;&#xE35;&#xE48;&#xE27;&#xE34;&#xE40;&#xE28;&#xE29;&#xE17;&#xE35;&#xE48;&#xE2A;&#xE38;&#xE14;&#xE02;&#xE2D;&#xE07;&#xE0A;&#xE35;&#xE27;&#xE34;&#xE15; --
4. Precious Life &#xE0A;&#xE35;&#xE27;&#xE34;&#xE15;&#xE17;&#xE35;&#xE48;&#xE21;&#xE35;&#xE04;&#xE38;&#xE13;&#xE04;&#xE48;&#xE32; --
5. Successful Life &#xE0A;&#xE35;&#xE27;&#xE34;&#xE15;&#xE17;&#xE35;&#xE48;&#xE1B;&#xE23;&#xE30;&#xE2A;&#xE1A;&#xE04;&#xE27;&#xE32;&#xE21;&#xE2A;&#xE33;&#xE40;&#xE23;&#xE47;&#xE08; --
6. Simple Life &#xE0A;&#xE35;&#xE27;&#xE34;&#xE15;&#xE17;&#xE35;&#xE48;&#xE40;&#xE23;&#xE35;&#xE22;&#xE1A;&#xE07;&#xE48;&#xE32;&#xE22; --
7. The Best of Life &#xE17;&#xE35;&#xE48;&#xE2A;&#xE38;&#xE14;&#xE02;&#xE2D;&#xE07;&#xE0A;&#xE35;&#xE27;&#xE34;&#xE15; --
8. The Way of Life &#xE41;&#xE19;&#xE27;&#xE17;&#xE32;&#xE07;&#xE01;&#xE32;&#xE23;&#xE14;&#xE33;&#xE40;&#xE19;&#xE34;&#xE19;&#xE0A;&#xE35;&#xE27;&#xE34;&#xE15; --
Part II Life with&#x2026;&#xE0A;&#xE35;&#xE27;&#xE34;&#xE15;&#xE01;&#xE31;&#xE1A;... --
9. Life with Suffering &#xE0A;&#xE35;&#xE27;&#xE34;&#xE15;&#xE01;&#xE31;&#xE1A;&#xE04;&#xE27;&#xE32;&#xE21;&#xE17;&#xE38;&#xE01;&#xE02;&#xE4C; --
10. Life with Fear &#xE0A;&#xE35;&#xE27;&#xE34;&#xE15;&#xE01;&#xE31;&#xE1A;&#xE04;&#xE27;&#xE32;&#xE21;&#xE01;&#xE25;&#xE31;&#xE27; --
11. Life with Mistakes &#xE0A;&#xE35;&#xE27;&#xE34;&#xE15;&#xE01;&#xE31;&#xE1A;&#xE04;&#xE27;&#xE32;&#xE21;&#xE1C;&#xE34;&#xE14;&#xE1E;&#xE25;&#xE32;&#xE14; --
12. Life with Consciousness &#xE0A;&#xE35;&#xE27;&#xE34;&#xE15;&#xE01;&#xE31;&#xE1A;&#xE2A;&#xE15;&#xE34; --
13. Life with Wealth &#xE0A;&#xE35;&#xE27;&#xE34;&#xE15;&#xE01;&#xE31;&#xE1A;&#xE17;&#xE23;&#xE31;&#xE1E;&#xE22;&#xE4C;&#xE2A;&#xE21;&#xE1A;&#xE31;&#xE15;&#xE34; --
14. Life with Love &#xE0A;&#xE35;&#xE27;&#xE34;&#xE15;&#xE01;&#xE31;&#xE1A;&#xE04;&#xE27;&#xE32;&#xE21;&#xE23;&#xE31;&#xE01; --
15. Life with Separation &#xE0A;&#xE35;&#xE27;&#xE34;&#xE15;&#xE01;&#xE31;&#xE1A;&#xE01;&#xE32;&#xE23;&#xE08;&#xE32;&#xE01;&#xE1E;&#xE23;&#xE32;&#xE01;. </subfield>
  </datafield>
  <datafield tag="520" ind1=" " ind2=" ">
    <subfield code="a">&#x201C;That&#x2019;s Life &#xE40;&#xE1E;&#xE23;&#xE32;&#xE30;...&#xE0A;&#xE35;&#xE27;&#xE34;&#xE15;&#xE21;&#xE31;&#xE01;&#xE40;&#xE1B;&#xE47;&#xE19;&#xE40;&#xE0A;&#xE48;&#xE19;&#xE19;&#xE35;&#xE49;&#x201D; &#xE40;&#xE1B;&#xE47;&#xE19;&#xE2B;&#xE19;&#xE31;&#xE07;&#xE2A;&#xE37;&#xE2D;&#xE17;&#xE35;&#xE48;&#xE08;&#xE30;&#xE0A;&#xE48;&#xE27;&#xE22;&#xE2A;&#xE23;&#xE49;&#xE32;&#xE07;&#xE41;&#xE23;&#xE07;&#xE1A;&#xE31;&#xE19;&#xE14;&#xE32;&#xE25;&#xE43;&#xE08;&#xE40;&#xE1E;&#xE37;&#xE48;&#xE2D;&#xE0A;&#xE35;&#xE27;&#xE34;&#xE15; &#xE17;&#xE33;&#xE43;&#xE2B;&#xE49;&#xE40;&#xE02;&#xE49;&#xE32;&#xE43;&#xE08;&#xE0A;&#xE35;&#xE27;&#xE34;&#xE15;&#xE2D;&#xE22;&#xE48;&#xE32;&#xE07;&#xE25;&#xE36;&#xE01;&#xE0B;&#xE36;&#xE49;&#xE07; &#xE40;&#xE19;&#xE37;&#xE49;&#xE2D;&#xE2B;&#xE32;&#xE43;&#xE19;&#xE2B;&#xE19;&#xE31;&#xE07;&#xE2A;&#xE37;&#xE2D;&#xE40;&#xE1B;&#xE23;&#xE35;&#xE22;&#xE1A;&#xE40;&#xE2A;&#xE21;&#xE37;&#xE2D;&#xE19;&#xE01;&#xE38;&#xE0D;&#xE41;&#xE08;&#xE2A;&#xE33;&#xE04;&#xE31;&#xE0D;&#xE17;&#xE35;&#xE48;&#xE08;&#xE30;&#xE17;&#xE33;&#xE43;&#xE2B;&#xE49;&#xE1C;&#xE39;&#xE49;&#xE2D;&#xE48;&#xE32;&#xE19;&#xE23;&#xE39;&#xE49;&#xE23;&#xE32;&#xE22;&#xE25;&#xE30;&#xE40;&#xE2D;&#xE35;&#xE22;&#xE14;&#xE02;&#xE2D;&#xE07;&#xE0A;&#xE35;&#xE27;&#xE34;&#xE15;&#xE17;&#xE35;&#xE48;&#xE15;&#xE49;&#xE2D;&#xE07;&#xE40;&#xE01;&#xE35;&#xE48;&#xE22;&#xE27;&#xE02;&#xE49;&#xE2D;&#xE07;&#xE2A;&#xE31;&#xE21;&#xE1E;&#xE31;&#xE19;&#xE18;&#xE4C;&#xE01;&#xE31;&#xE1A;&#xE2A;&#xE34;&#xE48;&#xE07;&#xE15;&#xE48;&#xE32;&#xE07; &#xE46; &#xE0B;&#xE36;&#xE48;&#xE07;&#xE40;&#xE1B;&#xE47;&#xE19;&#xE2A;&#xE31;&#xE08;&#xE18;&#xE23;&#xE23;&#xE21;&#xE04;&#xE27;&#xE32;&#xE21;&#xE08;&#xE23;&#xE34;&#xE07;&#xE17;&#xE35;&#xE48;&#xE17;&#xE38;&#xE01;&#xE04;&#xE19;&#xE44;&#xE21;&#xE48;&#xE2D;&#xE32;&#xE08;&#xE2B;&#xE19;&#xE35;&#xE1E;&#xE49;&#xE19; &#xE41;&#xE25;&#xE30;&#xE40;&#xE1B;&#xE47;&#xE19;&#xE04;&#xE27;&#xE32;&#xE21;&#xE40;&#xE1B;&#xE25;&#xE35;&#xE48;&#xE22;&#xE19;&#xE41;&#xE1B;&#xE25;&#xE07;&#xE17;&#xE35;&#xE48;&#xE40;&#xE01;&#xE34;&#xE14;&#xE02;&#xE36;&#xE49;&#xE19;&#xE43;&#xE19;&#xE0A;&#xE35;&#xE27;&#xE34;&#xE15;&#xE44;&#xE14;&#xE49;&#xE15;&#xE25;&#xE2D;&#xE14;&#xE40;&#xE27;&#xE25;&#xE32;.</subfield>
  </datafield>
  <datafield tag="650" ind1=" " ind2="4">
    <subfield code="9">32913</subfield>
    <subfield code="a">&#xE0A;&#xE35;&#xE27;&#xE34;&#xE15;</subfield>
    <subfield code="x">&#xE41;&#xE07;&#xE48;&#xE1B;&#xE23;&#xE31;&#xE0A;&#xE0D;&#xE32;</subfield>
  </datafield>
  <datafield tag="850" ind1=" " ind2=" ">
    <subfield code="a">NALT</subfield>
  </datafield>
  <datafield tag="856" ind1="4" ind2="0">
    <subfield code="u">https://ebook.parliament.go.th/ebookall/detail/432113</subfield>
    <subfield code="z">E-Book</subfield>
  </datafield>
  <datafield tag="942" ind1=" " ind2=" ">
    <subfield code="2">lcc</subfield>
    <subfield code="c">EBK</subfield>
  </datafield>
  <datafield tag="952" ind1=" " ind2=" ">
    <subfield code="0">0</subfield>
    <subfield code="1">0</subfield>
    <subfield code="2">lcc</subfield>
    <subfield code="4">0</subfield>
    <subfield code="7">0</subfield>
    <subfield code="8">CERS</subfield>
    <subfield code="a">NALT</subfield>
    <subfield code="b">NALT</subfield>
    <subfield code="c">ONLINE</subfield>
    <subfield code="d">2023-09-29</subfield>
    <subfield code="e">191</subfield>
    <subfield code="r">2023-09-29</subfield>
    <subfield code="y">EBK</subfield>
  </datafield>
  <datafield tag="996" ind1=" " ind2=" ">
    <subfield code="a">i002</subfield>
    <subfield code="b">CATSTF	</subfield>
    <subfield code="c">2023-12-12</subfield>
  </datafield>
  <datafield tag="999" ind1=" " ind2=" ">
    <subfield code="c">102595</subfield>
    <subfield code="d">102595</subfield>
  </datafield>
  <datafield tag="998" ind1=" " ind2=" ">
    <subfield code="j">1020</subfield>
    <subfield code="k"> &#xE19;&#xE32;&#xE07;&#xE08;&#xE33;&#xE40;&#xE23;&#xE35;&#xE22;&#xE07;  &#xE23;&#xE30;&#xE27;&#xE31;&#xE07;&#xE2A;&#xE33;&#xE42;&#xE23;&#xE07;</subfield>
  </datafield>
</record>
